000 03159nam a2200481 c 4500
003 BLK
005 20230411030257.0
008 180412b bul|||||r ||||||| ||bul||
010 _aKNG00016204000
040 _aBLK
041 _aBUL
_cBUL
080 _aСправочно-библиографска и информационна работа - Форми на пропаганда на книгата, библиографски помагала, пътеводители по литературата и др. Вж и 028
_b025.5
_x
_z025.5
080 _aБио-библиографии
_b016:929
_x
_z016:929
080 _aПериод на кризата на феодализма, зараждане на капиталистически отношения. Възраждане на българския народ (II пол. на ХVIII в. - 1878 г.)
_b94(497.2)"1750/1878"
_x(01)
_z94(497.2)"1750/1878"(01)
080 _aВасил Иванов Кунчев, известен и като Апостола на свободата, идеолог и организатор на българската национална революция, национален герой
_b929 Левски, Васил
_x
_z929 Левски, Васил
700 1 _aИванов, Иван Йорданов
_eсъстав.
_9259348
700 1 _aХаджихристов, Христо Николов
_eред.
_9259349
139 _aИванов, Иван Йорданов
_bИ 21
245 1 0 _aВасил Левски 1837 - 1873
_bЛит. метод. и библиогр. материали за подпомагане работата на библ. при организиране на чествувания по случай 150-год. от рождението на В. Левски
_cсъстав. Иван Йорданов Иванов; ред. Христо Николов Хаджихристов.
257 _aBGR
260 София
_bНар. библ. Св. св. Кирил и Методий
_c1987
300 _a163 с.
_c20 см
380 _a0
500 _aИзд. на НБКМ. Науч.-метод. център. - Офс. изд. - 1 500 тир.
650 4 _aБиблиотеки - справочно-библиографска и информационна работа
_9259350
650 4 _aНационалноосвободително движение - България - дейци
_9243361
650 4 _aПропаганда на литературата
_9259351
651 4 _aБългария
_9241624
653 _aВасил Левски
653 _aнационалноосвободителни движения
653 _aбългарска история
653 _aреволюционери
653 _aбио-библиографии
653 _aбиблиографски указатели
653 _aбио-библиографии
852 _aЦб 148688
856 4 _qpdf
_u
856 4 _qpdf
_u
942 _cKNG
_n0
944 _aCR
_c15.01.2003
_lф /
_kЛюдмила_Стоянова
944 _aED
_c05.09.2017
_lф /
_kЛюдмила_Стоянова
999 _c14492
_d14492